| 000 | 01689pam a2200385 a 4500 | ||
|---|---|---|---|
| 999 |
_c129950 _d129950 |
||
| 001 | 3559309 | ||
| 003 | ARRUPE | ||
| 005 | 20191017112051.0 | ||
| 008 | 980129s1998 enk b 001 0 eng | ||
| 010 | _a 98009746 | ||
| 020 | _a1856495817 (hardcover) | ||
| 020 | _a1856495825 (pbk.) | ||
| 040 |
_aDLC _cDLC _dDLC |
||
| 043 | _ad------ | ||
| 050 | 0 | 0 |
_aK4602.2 _b1998 |
| 082 | 0 | 0 |
_a382 _221 |
| 100 | 1 |
_aDas, Bhagirath Lal. _948446 |
|
| 245 | 1 | 3 |
_aAn introduction to the WTO agreements / _cBhagirath Lal Das. |
| 246 | 3 | _aIntroduction to the World Trade Organisation agreements | |
| 260 |
_aLondon ; _aNew York : _bZed Books ; _aPenang, Malaysia : _bThird World Network, _cc1998. |
||
| 300 |
_axii, 138 p. ; _c25 cm. |
||
| 610 | 2 | 0 |
_aGeneral Agreement on Tariffs and Trade (Organization) _948447 |
| 610 | 2 | 0 |
_aWorld Trade Organization. _948328 |
| 650 | 0 |
_aForeign trade regulation. _xDeveloping countries _948448 |
|
| 650 | 0 |
_aTariff _xLaw and legislation. _948449 |
|
| 650 | 0 |
_aFree trade _zDeveloping countries. _948450 |
|
| 650 | 0 |
_aCompetition, Unfair _zDeveloping countries. _948451 |
|
| 856 | 4 | 2 |
_3Contributor biographical information _uhttp://www.loc.gov/catdir/bios/hol059/98009746.html |
| 856 | 4 | 2 |
_3Publisher description _uhttp://www.loc.gov/catdir/description/hol056/98009746.html |
| 856 | 4 | 1 |
_3Table of contents _uhttp://www.loc.gov/catdir/toc/hol052/98009746.html |
| 906 |
_a7 _bcbc _corignew _d1 _eocip _f19 _gy-gencatlg |
||
| 942 |
_2lcc _cMONOGRAPH |
||